000 00474nmm a2200181Ia 4500
008 251105s9999||||xx |||||||||||||||||und||
041 _aspa
100 _aLemarin, Nicolas
245 0 _aNo la dejes ir
264 _a[Madrid, España] :
_bSaga Egmont,
_c2020
300 _a18 páginas
490 _aLUST
650 _aErotic novel
700 _aLemarin, Nicolas
700 1 _a Orozco, Javier
856 _uhttps://public.digitaliapublishing.com/a/99690
942 _cCF
999 _c67769
_d67769